000
00341 a2200157 4500
001
179797
020
_a
040
_c
Magnum
100
_a
Leite, Luci Banks
240
1
0
_a
Piaget a escola de genebra
_l
por
245
1
0
_a
Piaget a escola de genebra
362
0
_a
1899
440
1
_a
Cortez
697
_a
MAGNITO: PSICOLOGIA
942
_c
BK
999
_c
179797
_d
179797